| 000 | 01393nam a2200325 c 4500 | ||
|---|---|---|---|
| 999 |
_c134795 _d134795 |
||
| 003 | BLK | ||
| 005 | 20201012140932.0 | ||
| 008 | 180409b bul|||||r ||||||| ||bul|| | ||
| 010 | _aKNG00140712000 | ||
| 040 | _aBLK | ||
| 041 |
_aBUL _cBUL |
||
| 072 | 7 |
_2bullib _aЦ _xРедки и ценни |
|
| 080 |
_aРуска литература _b821.161.1 _x-93-34 _z821.161.1-93-34 |
||
| 139 |
_aПриказка за Иван Царевич, Сивий вълк, Жар птица и Анастасия хубавица _bП 87 |
||
| 245 | 1 | 0 |
_aПриказка за Иван Царевич, Сивий вълк, Жар птица и Анастасия хубавица _cпрев. от рус. Г. Божилов. |
| 250 | _a3. изд. | ||
| 257 | _aRUS | ||
| 260 |
_bДунавско печ. д-во _c1895 _aЛом |
||
| 300 |
_a24 с. _c19 см |
||
| 380 | _aDX | ||
| 490 |
_9435080 _aКолекция Редки и ценни издания |
||
| 500 | _aПодв. заедно с Характер / Самуил Смаилс със сигн. Рб 890 и инв. № 18830. | ||
| 653 | _aприказки | ||
| 659 | _aЦ | ||
| 700 | 1 |
_aБожилов, Г. _eпрев. от рус. _9324526 |
|
| 852 |
_aРб 890 _bРц |
||
| 856 | 4 | _qpdf | |
| 856 | 4 | _qpdf | |
| 942 |
_cKNG _n0 _s1 |
||
| 944 |
_aCR _c13.03.2013 _l13.03.2013 - от С1,Р / 13.03.2013 _kНаталия_Медовщикова |
||
| 944 |
_aED _c29.02.2016 _l13.03.2013 - от С1,Р / 13.03.2013 _kВиолета_Тройчева |
||
| 999 | _d134795 | ||
| 999 | _d134795 | ||
| 999 | _d134795 | ||